Professional photoshop the classic guide to color correction 4th edition

Bibliographic Details
Main Author: Margulis, Dan
Format: Book
Published: New York : Wiley publishing , 2002
Subjects:

MARC

LEADER 00000cam a2200000 7i4500
001 0000011852
005 20050427.0
020 |a 0764536958 
040 |a INS 
090 0 0 |a T385   |b M36365 2002 
100 1 |a Margulis, Dan 
245 1 0 |a Professional photoshop the classic guide to color correction 4th edition   |c Dan Margulis 
260 |a New York :   |b Wiley publishing ,   |c 2002 
300 |a xiv :   |b 401p ;   |c 23cm. 
650 0 0 |a Adobe photoshop 
650 0 0 |a Color computer graphics 
999 |a 0000011089   |b BOOK   |c Open Shelf   |e Default branch